Los cazadores de ratas y otros cuentos feroces /

Guardado en:
Autor Principal: Quiroga, Horacio
Formato: Libro
Publicado: Buenos Aires : Norma, 2014.
Series:Golu; 26
Materias:
Etiquetas: Agregar Etiqueta
Sin Etiquetas, Sea el primero en etiquetar este registro!
LEADER 00853nam a22002175a 4500
001 CEM.cems019081
008 220627s2014##################000#0#####d
005 20251111095124.0
245 1 0 |a Los cazadores de ratas y otros cuentos feroces /  |c Horacio Quiroga. 
260 |a Buenos Aires :  |b Norma,  |c 2014. 
300 |a 128 p. 
490 1 |a Golu; 26 
505 0 |a Los cazadores de ratas -- La insolación -- El alambre de púa -- El monte negro -- A la deriva -- El león -- El canto del cisne -- Fantasía nerviosa -- El solitario -- Recuerdos de un sapo -- Recomendaciones para leer y para ver 
020 |a 9789875456518 
100 1 |a Quiroga, Horacio 
082 0 4 |a A868.4 
653 |a Literatura 
653 |a Literatura uruguaya-siglo 20 
653 |a Cuentos 
653 |a Cuento Uruguayo 
859 |a CEMS  |b BIB. CEMS - 11 de abril  |h U868.4  |i Q48-12  |p 29198.22  |t Ej. 1